[Event "El Puerto St Maria op 17th"]
[Site "Cadiz"]
[Date "2002.07.31"]
[Round "3.17"]
[White "De la Cruz Guitarte, Carlos"]
[Black "Sainz Pena, David"]
[Result "0-1"]
[WhiteElo "1700"]
[BlackElo "1920"]
[PlyCount "106"]
[EventDate "2002.07.29"]
[EventType "swiss"]
[EventRounds "7"]
[EventCountry "ESP"]
[SourceTitle "EXT 2004"]
[Source "ChessBase"]
[SourceDate "2003.11.25"]
[SourceVersion "1"]
[SourceVersionDate "2003.11.25"]
[SourceQuality "1"]

1. e4 e5 2. Nf3 Nc6 3. Bc4 Bc5 4. d3 Nf6 5. Nc3 h6 6. 0-0 d6 7. Bd2 Bg4 8. h3 Bh5 9. Na4 Nd4 10. Nxc5 dxc5 11. c3 Nxf3+ 12. gxf3 Qd7 13. Kh2 0-0-0 14. Rg1 g5 15. Be3 Qe7 16. Qa4 Kb8 17. Rg3 Nd7 18. Bb5 a6 19. Bxd7 Qxd7 20. Qxd7 Rxd7 21. Rd1 Rhd8 22. Bxc5 Rxd3 23. Rxd3 Rxd3 24. Kg2 Rd7 25. h4 f6 26. hxg5 hxg5 27. Rh3 Rh7 28. Rg3 b6 29. Ba3 c5 30. b3 Kc7 31. c4 a5 32. Kf1 Kd6 33. Rh3 Ke6 34. Bc1 Kf7 35. Be3 Kg6 36. a3 a4 37. bxa4 Ra7 38. Kg2 Rxa4 39. Bc1 Rxc4 40. Rh1 Rc3 41. Be3 Rxa3 42. Rb1 Ra6 43. Rd1 Ra5 44. Rd8 Rb5 45. Rg8+ Kf7 46. Rh8 Bg6 47. Kg3 Rb3 48. Rb8 Rb4 49. Bd2 Rb3 50. Be3 Rb5 51. Rb7+ Ke6 52. Rc7 Be8 53. Bxc5 Rxc5 0-1